Annual report of the Maine State Pomological Society.

Bibliographic Details
Corporate Author: Maine State Pomological Society
Format: Serial
Language:English
Published: Augusta: [publisher not identified]
Subjects:

MARC

Tag First Indicator Second Indicator Subfields
LEADER 00000cas a2200000I 4500
001 in00000258513
005 20230206194814.5
008 790731u1uuuuuuumeuar 0 a0eng
010 |a  51037556  
035 |a (OCoLC)ocm05225256 
035 |a (OCoLC)5225256 
035 |a (OCoLC)ocm05225256 
040 |a DLC  |b eng  |c TXA  |d NHM  |d OCLCF  |d OCLCO  |d OCLCA  |d OCLCQ  |d OCLCO 
043 |a n-us-me 
050 |a SB354  |b .M234 
082 0 |a 634.061741 
110 2 |a Maine State Pomological Society. 
245 1 0 |a Annual report of the Maine State Pomological Society. 
264 1 |a Augusta:  |b [publisher not identified] 
300 |a volumes  |b illustrations, portraits  |c 23 cm 
336 |a text  |b txt  |2 rdacontent 
337 |a unmediated  |b n  |2 rdamedia 
338 |a volume  |b nc  |2 rdacarrier 
580 |a Reports for 1873-77, 1882-1901 in Maine. Board of Agriculture. Agriculture of Maine (S69.A2); 1902-1930/32 in Maine. Department of Agriculture. Agriculture of Maine (S69.A22). 
610 2 0 |a Maine State Pomological Society  |v Periodicals. 
650 0 |a Fruit  |z Maine  |v Periodicals. 
650 0 |a Fruit-culture  |z Maine  |v Periodicals. 
610 2 7 |a Maine State Pomological Society.  |2 fast  |0 (OCoLC)fst00789790 
650 7 |a Fruit.  |2 fast  |0 (OCoLC)fst00935548 
650 7 |a Fruit-culture.  |2 fast  |0 (OCoLC)fst00935739 
651 7 |a Maine.  |2 fast  |0 (OCoLC)fst01204270 
655 7 |a Periodicals.  |2 fast  |0 (OCoLC)fst01411641 
776 0 8 |i Online version:  |a Maine State Pomological Society.  |t Annual report  |w (OCoLC)690065855 
777 1 |a Maine. Board of Agriculture.  |t Agriculture of Maine  |g 1873-77, 1882-1901  |w (OCoLC)5182991 
777 1 |a Maine. Department of Agriculture.  |t Agriculture of Maine  |g 1902-1930/32 
948 |h HELD BY TXA - 11 OTHER HOLDINGS 
994 |a Z0  |b TXA 
999 f f |s e328a507-8b88-349f-b1f4-cabd63f0b18a  |i 1cafca0a-5b7a-30ab-a692-80f4311f5dea  |t 0 
952 f f |p ric  |a Texas A&M University  |b Rellis Campus  |c Joint Library Facility  |d Remote Storage  |t 0  |e SB354 .M234  |h Library of Congress classification  |i unmediated -- volume  |k 110th  |l 1983  |m A14811251174 
952 f f |p ric  |a Texas A&M University  |b Rellis Campus  |c Joint Library Facility  |d Remote Storage  |t 0  |e SB354 .M234  |h Library of Congress classification  |i unmediated -- volume  |l 1936/1938-1948  |m A14851412917 
952 f f |p ric  |a Texas A&M University  |b Rellis Campus  |c Joint Library Facility  |d Remote Storage  |t 0  |e SB354 .M234  |h Library of Congress classification  |i unmediated -- volume  |k 111th  |l 1984  |m A14811251182 
952 f f |p ric  |a Texas A&M University  |b Rellis Campus  |c Joint Library Facility  |d Remote Storage  |t 0  |e SB354 .M234  |h Library of Congress classification  |i unmediated -- volume  |k 114th  |l 1987  |m A14811101303 
952 f f |p ric  |a Texas A&M University  |b Rellis Campus  |c Joint Library Facility  |d Remote Storage  |t 0  |e SB354 .M234  |h Library of Congress classification  |i unmediated -- volume  |k 107th  |l 1980  |m A14851413188 
952 f f |p ric  |a Texas A&M University  |b Rellis Campus  |c Joint Library Facility  |d Remote Storage  |t 0  |e SB354 .M234  |h Library of Congress classification  |i unmediated -- volume  |k 93rd  |l 1966  |m A14811252293 
952 f f |p ric  |a Texas A&M University  |b Rellis Campus  |c Joint Library Facility  |d Remote Storage  |t 0  |e SB354 .M234  |h Library of Congress classification  |i unmediated -- volume  |k 94th  |l 1967  |m A14811251132 
952 f f |p ric  |a Texas A&M University  |b Rellis Campus  |c Joint Library Facility  |d Remote Storage  |t 0  |e SB354 .M234  |h Library of Congress classification  |i unmediated -- volume  |k 113th  |l 1986  |m A14811251205 
952 f f |p ric  |a Texas A&M University  |b Rellis Campus  |c Joint Library Facility  |d Remote Storage  |t 0  |e SB354 .M234  |h Library of Congress classification  |i unmediated -- volume  |k 92nd  |l 1965  |m A14811252285 
952 f f |p ric  |a Texas A&M University  |b Rellis Campus  |c Joint Library Facility  |d Remote Storage  |t 0  |e SB354 .M234  |h Library of Congress classification  |i unmediated -- volume  |k 109th  |l 1982  |m A14811251166 
952 f f |p ric  |a Texas A&M University  |b Rellis Campus  |c Joint Library Facility  |d Remote Storage  |t 0  |e SB354 .M234  |h Library of Congress classification  |i unmediated -- volume  |k 108th  |l 1981  |m A14811251158 
952 f f |p ric  |a Texas A&M University  |b Rellis Campus  |c Joint Library Facility  |d Remote Storage  |t 0  |e SB354 .M234  |h Library of Congress classification  |i unmediated -- volume  |k 97th-106th  |l 1970-1979  |m A14851412651 
952 f f |p ric  |a Texas A&M University  |b Rellis Campus  |c Joint Library Facility  |d Remote Storage  |t 0  |e SB354 .M234  |h Library of Congress classification  |i unmediated -- volume  |k 112th  |l 1985  |m A14811251190 
952 f f |p ric  |a Texas A&M University  |b Rellis Campus  |c Joint Library Facility  |d Remote Storage  |t 0  |e SB354 .M234  |h Library of Congress classification  |i unmediated -- volume  |k 96th  |l 1969  |m A14811251140 
952 f f |p ric  |a Texas A&M University  |b Rellis Campus  |c Joint Library Facility  |d Remote Storage  |t 0  |e SB354 .M234  |h Library of Congress classification  |i unmediated -- volume  |k 76th-88th  |l 1949-1961  |m A14851412784 
998 f f |a SB354 .M234  |s 96th (1969)-114th (1987)  |t 0  |l Remote Storage